Online
Catalog

Memorias del segundo coloquio Colombo-Francés de bibliotecas públicas : (Record no. 15357)

MARC details
000 -CABECERA
campo de control de longitud fija 01718cam a2200313 a 4500
001 - NÚMERO DE CONTROL
campo de control 000015812
005 - FECHA Y HORA DE LA ÚLTIMA TRANSACCIÓN
campo de control 20200929164149.0
008 - DATOS DE LONGITUD FIJA--INFORMACIÓN GENERAL
campo de control de longitud fija 060124s2005 ck a b 100 0 spa
020 ## - NÚMERO INTERNACIONAL ESTÁNDAR DEL LIBRO
Número Internacional Estándar del Libro 9589177174
040 ## - FUENTE DE LA CATALOGACIÓN
Centro catalogador/agencia de origen DO-SdBNP
Lengua de catalogación spa
Centro/agencia transcriptor DLC
Centro/agencia modificador DLC
-- BNPHU
082 ## - NÚMERO DE LA CLASIFICACIÓN DECIMAL DEWEY
Número de clasificación NN
Número de documento/Ítem C719m
111 2# - ENTRADA PRINCIPAL--NOMBRE DE CONGRESO/REUNIÓN
Nombre de congreso/reunión o jurisdicción como elemento de entrada Coloquio Colombo-Francés de Bibliotecas Públicas
Número del congreso/reunión o número de parte o sección (2a :
Fecha del congreso/reunión 2005 :
Sede del congreso/Lugar de la reunión Bogota, Colombia)
9 (RLIN) 35578
245 10 - MENCIÓN DE TÍTULO
Título Memorias del segundo coloquio Colombo-Francés de bibliotecas públicas :
Resto del título biblioteca y patrimonio musical /
Mención de responsabilidad, etc. coordinador Marc Sagaert ; editor Alfonso Mora Jaime ; traducción Maria Yolanda Medina.
246 10 - FORMA VARIANTE DE TÍTULO
Título propio/Titulo breve Biblioteca y patrimonio musical
260 ## - PUBLICACIÓN, DISTRIBUCIÓN, ETC.
Lugar de publicación, distribución, etc. [Colombia] :
Nombre del editor, distribuidor, etc. Embajada de Francia en Colombia :
-- Ministerio de Cultura de Colombia :
-- Biblioteca Nacional de Colombia,
Fecha de publicación, distribución, etc. 2005.
300 ## - DESCRIPCIÓN FÍSICA
Extensión 108 p. :
Otras características físicas il. ;
Dimensiones 21 cm.
500 ## - NOTA GENERAL
Nota general Documentos presentados en el Segundo Encuentro "Biblioteca y Sociedad", organizada por Embajada de Francia en Colombia y la Biblioteca Nacional de Colombia, del Ministerio de Cultura de Colombia, celebrada en abril de 2005 en Bogotá, Colombia.
500 ## - NOTA GENERAL
Nota general "En el marco de la XVII Feria Internacional del Libro de Bogoté y del mes de Francia."
504 ## - NOTA DE BIBLIOGRAFÍA, ETC.
Nota de bibliografía, etc. Contiene referencias bibliográficas.
650 #0 - PUNTO DE ACCESO ADICIONAL DE MATERIA--TÉRMINO DE MATERIA
Término de materia o nombre geográfico como elemento de entrada Public libraries
Subdivisión geográfica Colombia
Subdivisión de forma Congresses.
9 (RLIN) 35579
650 #0 - PUNTO DE ACCESO ADICIONAL DE MATERIA--TÉRMINO DE MATERIA
Término de materia o nombre geográfico como elemento de entrada Public libraries
Subdivisión geográfica France
Subdivisión de forma Congresses.
9 (RLIN) 35580
650 #0 - PUNTO DE ACCESO ADICIONAL DE MATERIA--TÉRMINO DE MATERIA
Término de materia o nombre geográfico como elemento de entrada Music
Subdivisión geográfica Colombia
Subdivisión general Library resources
Subdivisión de forma Congresses.
9 (RLIN) 35581
700 1# - PUNTO DE ACCESO ADICIONAL--NOMBRE DE PERSONA
Nombre de persona Sagaert, Marc.
9 (RLIN) 35582
700 1# - PUNTO DE ACCESO ADICIONAL--NOMBRE DE PERSONA
Nombre de persona Mora Jaime, Alfonso,
Término indicativo de función/relación ed.
9 (RLIN) 22731
700 1# - PUNTO DE ACCESO ADICIONAL--NOMBRE DE PERSONA
Nombre de persona Medina, María Yolanda,
Término indicativo de función/relación tr.
9 (RLIN) 35583
710 1# - PUNTO DE ACCESO ADICIONAL--NOMBRE DE ENTIDAD CORPORATIVA
Nombre de entidad corporativa o nombre de jurisdicción como elemento de entrada Biblioteca Nacional de Colombia.
9 (RLIN) 3774
710 1# - PUNTO DE ACCESO ADICIONAL--NOMBRE DE ENTIDAD CORPORATIVA
Nombre de entidad corporativa o nombre de jurisdicción como elemento de entrada France.
Unidad subordinada Ambassade (Colombia)
9 (RLIN) 35584
910 ## - DATOS DE OPCIÓN DEL USUARIO (OCLC)
Datos de opción del usuario Catalogación por copia / LC
Holdings
Estado de retiro Estado de pérdida Restricciones de uso No para préstamo Código de colección Localización permanente Ubicación/localización actual Ubicación en estantería Fecha de adquisición Número de inventario Total de préstamos Signatura topográfica completa Código de barras Fecha visto por última vez Precio válido a partir de Tipo de ítem Koha
        Monografías: Libros y Folletos General General En catalogación 18.02.2010 LF1   NN C719m 15812-10 25.06.2020 25.06.2020 Préstamo en sala

Powered by Koha